| 000 | 00572nam a2200193 a 4500 | ||
|---|---|---|---|
| 005 | 20210219150251.0 | ||
| 008 | 991125s1995 es 000 0 spa u | ||
| 020 | _a8474325323 | ||
| 035 | _aUPN01000010575 | ||
| 049 | _aCG | ||
| 050 | 4 |
_aPA2057 _bD4.38 |
|
| 100 | 1 | _aDesbordes, Francoise | |
| 245 | 1 | 0 |
_aConcepciones sobre la escritura en la antigüedad romana / _cpor Francoise Desbordes ; tr. Alberto Luis Bixio. |
| 260 |
_aBarcelona [Esp.] : _bGedisa, _c1995. |
||
| 300 | _a284 p. | ||
| 440 | 0 |
_aLeA; _v5 |
|
| 650 | 4 |
_aLATIN - _xGRAMATICA HISTORICA |
|
| 905 | _aLibro | ||
| 999 |
_c10575 _d10575 |
||